| LEADER | 01706nam a2200241 4500 | ||
|---|---|---|---|
| 082 | |a 596 |b TR120K | ||
| 100 | |a Trần Kiên | ||
| 245 | |a Thực hành động vật có xương sống |c Trần Kiên, Nguyễn Thái Tự |n T.2 | ||
| 260 | |a H.: |b Giáo dục, |c 1979. | ||
| 300 | |a 117 tr.; |c 26 cm. | ||
| 520 | |a v.v... | ||
| 653 | |a Động vật | ||
| 942 | |2 ddc |c STK0 | ||
| 999 | |c 7136 |d 7136 | ||
| 952 | |0 0 |1 0 |2 ddc |4 0 |6 596_000000000000000_TR120K |7 0 |8 500 |9 66338 |a qbu |b qbu |c D3 |d 2015-01-28 |o 596 TR120K |p 6415.c1 |r 0000-00-00 |w 2015-01-28 |y STK0 | ||
| 952 | |0 0 |1 0 |2 ddc |4 0 |6 596_000000000000000_TR120K |7 0 |8 500 |9 66339 |a qbu |b qbu |c D3 |d 2015-01-28 |o 596 TR120K |p 6415.c2 |r 0000-00-00 |w 2015-01-28 |y STK0 | ||
| 952 | |0 0 |1 0 |2 ddc |4 0 |6 596_000000000000000_TR120K |7 0 |8 500 |9 66340 |a qbu |b qbu |c D3 |d 2015-01-28 |o 596 TR120K |p 6415.c3 |r 0000-00-00 |w 2015-01-28 |y STK0 | ||
| 952 | |0 0 |1 0 |2 ddc |4 0 |6 596_000000000000000_TR120K |7 0 |8 500 |9 66341 |a qbu |b qbu |c D3 |d 2015-01-28 |o 596 TR120K |p 6415.c4 |r 0000-00-00 |w 2015-01-28 |y STK0 | ||
| 952 | |0 0 |1 0 |2 ddc |4 0 |6 596_000000000000000_TR120K |7 0 |8 500 |9 66342 |a qbu |b qbu |c D3 |d 2015-01-28 |o 596 TR120K |p 6415.c5 |r 0000-00-00 |w 2015-01-28 |y STK0 | ||
| 952 | |0 0 |1 0 |2 ddc |4 0 |6 596_000000000000000_TR120K |7 0 |8 500 |9 66343 |a qbu |b qbu |c D3 |d 2015-01-28 |o 596 TR120K |p 6415.c6 |r 0000-00-00 |w 2015-01-28 |y STK0 | ||
| 952 | |0 0 |1 0 |2 ddc |4 0 |6 596_000000000000000_TR120K |7 0 |8 500 |9 66344 |a qbu |b qbu |c D3 |d 2015-01-28 |o 596 TR120K |p 6415.c7 |r 0000-00-00 |w 2015-01-28 |y STK0 | ||
| 952 | |0 0 |1 0 |2 ddc |4 0 |6 596_000000000000000_TR120K |7 0 |8 500 |9 66345 |a qbu |b qbu |c D3 |d 2015-01-28 |o 596 TR120K |p 6415.c8 |r 0000-00-00 |w 2015-01-28 |y STK0 | ||
| 952 | |0 0 |1 0 |2 ddc |4 0 |6 596_000000000000000_TR120K |7 0 |8 500 |9 99860 |a qbu |b qbu |c D3 |d 2015-11-25 |o 596 TR120K |p 6415.c9 |r 0000-00-00 |w 2015-11-25 |y STK0 | ||